000 00436nam a2200169Ia 4500
001 13980
003 GE_BSU
008 181216s||||||||xx |||||||||||||| ||und||
040 _cGE_BSU
245 4 _aThe Economist, December 6th-12th. number 8916. 2014.
245 _bvolume 413 number 8916
260 _aLondon
260 _c2014
300 _a94p.27cm.
653 _aThe Economist, December 6th-12th. number 8916. 2014.
942 _cCR
999 _c47122
_d47122